000 00877nam a2200277 4500
999 _c23454
_d23454
001 vtls012000149
005 20221011074722.0
008 220509s2020 xo e 000 f slo
020 _a9788022022545
_q(viazané)
035 _aurn:nbn:sk:snk-am00gkx8
035 _aurn:nbn:sk:snk-am3j6up
035 _a6ECCE30C-9C88-4B17-B68A-D6AB9792DBDC
040 _aSNK
_bslo
_cSNK
_erda
041 1 _aslo
_heng
044 _axo
_cSK
072 7 _2konspekt
080 _22011
100 1 _aBowen, Rhys,
_d1941-
_4aut
_93672
240 1 0 _aThe Tuscan Child
_lSlovensky
245 1 0 _aToskánske dieťa
_cRhys Bowen ; z anglického originálu ... preložila Denisa Ghaniová
264 1 _aBratislava
_bSlovenský spisovateľ, a.s.
_c2020
300 _a383 strán
_c21 cm
336 _atext
_btxt
_2rdacontent
337 _abez média
_bn
_2rdamedia
338 _azväzok
_bnc
_2rdacarrier